LEADER 00994nam0 22002893i 450 001 996267843803316 005 20180913115451.0 010 $a978-88-244-3171-2 100 $a20120406d2012----||||0itac50 ba 101 $aita 102 $aIT 200 1 $aCodice dell'Unione Europea operativo$eTUE e TFUE commentati articolo per articolo, con la carta dei diritti fondamentali dell'Unione Europea$fdiretto da Carlo Curti Gialdino$gprefazione di José Manuel Durao Barroso 210 $aNapoli$cSimone$d2012 215 $a2560 p.$d22 cm 225 $a<> codici operativi$vOP 13 410 0$a<> codici operativi$vOP 13 606 0 $2BNCF 702 1$aBARROSO,$bJosé Manuel Durão 702 1$aCURTI GIALDINI,$bCarlo 710 02$aUnione europea$0361259 801 0$aIT$bsalbc$gISBD 912 $a996267843803316 951 $aXXIII.4.A. 196$b83268 g.$cXXIII.4.A.$d416443 959 $aBK 969 $aGIU 996 $aCodice dell'Unione Europea operativo$91511394 997 $aUNISA LEADER 01544nam 2200493 450 001 9910798504103321 005 20170822131829.0 010 $a1-60893-463-2 035 $a(CKB)3710000000833259 035 $a(EBL)4713795 035 $a(PQKBManifestationID)16432763 035 $a(PQKBWorkID)14969022 035 $a(PQKB)23954667 035 $a(MiAaPQ)EBC4713795 035 $a(EXLCZ)993710000000833259 100 $a20161019h20162016 uy 0 101 0 $aeng 135 $aur|n|---||||| 181 $ctxt 182 $cc 183 $acr 200 14$aThe shipwright and the schooner $ebuilding a windjammer in the New England tradition /$fHarold Burnham ; photographs by Dan Tobyne 210 1$aLanham, Maryland :$cDown East Books,$d2016. 210 2$a[Place of distribution not identified] :$cNational Book Network,$d[date of distribution not identified] 210 4$d©2016 215 $a1 online resource (211 p.) 300 $aDescription based upon print version of record. 311 $a1-60893-462-4 606 $aSchooners$zMassachusetts 606 $aWooden boats$zMassachusetts 606 $aBoatbuilding$zMassachusetts$zEssex (Town) 615 0$aSchooners 615 0$aWooden boats 615 0$aBoatbuilding 676 $a623.8207 700 $aBurnham$b Harold$01519083 702 $aTobyne$b Dan 801 0$bMiAaPQ 801 1$bMiAaPQ 801 2$bMiAaPQ 906 $aBOOK 912 $a9910798504103321 996 $aThe shipwright and the schooner$93757006 997 $aUNINA